LDR 00876naa#a2200205#i#450# 001 EN\\bibl\124608 005 20260606231005.6 011 ## _a2073-1574 100 ## _a20260529b2026####ek#y0engy0150####ca 102 ## _aRU 200 1# _aThe vessel's operational process-based digital twin adequacy assessment methodology _eJournal article 210 1# _aAstrakhan _cAstrakhan State Technical University _d2026 215 ## _a12 с. 608 ## _aJournal article _2local 675 ## _aСуда. Флот. 656.612 _aПрикладные системы искусственного интеллекта. Интеллектуальные системы, обладающие знаниями. 004.89 _z 700 #1 _aErmakov _gSergey Vladimirovich 700 #1 _aMalinin _gNikita Zhanovich 700 #1 _aShevchuk _gDanila Vladimirovich 700 #1 _aBurov _gAlexander Vladimirovich 856 4# _avestnik.astu.org _u